| 000 | 00580nam a2200145Ia 4500 | ||
|---|---|---|---|
| 008 | 191108s9999 xx 000 0 und d | ||
| 020 | _a978-047-135295-2 | ||
| 100 | _aKolpan, Steven | ||
| 245 |
_cSteven Kolpan, Brian H. Smith, Michael A. Weiss _aExploring wine: _bThe Culinary Institute of America's complete guide to wines of the world / |
||
| 250 | _a2nd ed. | ||
| 260 |
_aNew York: _bJohn Wileys & Sons _c2002 |
||
| 300 |
_a820 pages: _bcolored illustrations; _c28.5 cm. |
||
| 500 | _aIncludes appendices, glossary, bibliography and index. | ||
| 650 | _aWine and wine making | ||
| 999 |
_c362546 _d362546 |
||